Statistics for Animals in Capital City Names

Click here to take the quiz!

General Stats

  • This quiz has been taken 623 times
  • The average score is 5 of 10

Answer Stats

AnimalCapital City% Correct
CowMoscow
81%
BatAshgabat | Rabat
71%
AntAntananarivo | Santiago | Santo Domingo
65%
ApeBudapest | Cape Town
57%
CatMuscat
55%
AssBasseterre | Nassau
43%
JaySri Jayawardenepura Kotte
36%
RatBratislava
21%
RamParamaribo
13%
HareBucharest
11%

Score Distribution

Percentile by Number Answered

Percent of People with Each Score

Your Score History

You have not taken this quiz